[Event "Mittelfranken-chTB1 1213"]
[Site "Germany"]
[Date "2012.11.18"]
[Round "3.3"]
[White "Thuerauf, Peter"]
[Black "Eckhardt, Wladislaw"]
[Result "1-0"]
[WhiteElo "1851"]
[BlackElo "2097"]
[PlyCount "73"]
[EventDate "2012.10.07"]
[EventType "team-tourn"]
[EventRounds "9"]
[EventCountry "GER"]
[SourceTitle "EXT 2019"]
[Source "ChessBase"]
[SourceDate "2018.10.10"]
[SourceVersion "1"]
[SourceVersionDate "2018.10.10"]
[SourceQuality "1"]
[WhiteTeam "Nuernberg Sued SW III"]
[BlackTeam "Fuerth SZ"]
[WhiteTeamCountry "GER"]
[BlackTeamCountry "GER"]

1. d4 f5 2. g3 Nf6 3. Bg2 g6 4. Nh3 Bg7 5. 0-0 0-0 6. c4 c6 7. Nc3 d6 8. Qb3 Qe8 9. d5 Na6 10. f3 e5 11. Qa3 Qe7 12. b4 Bd7 13. dxc6 Be6 14. Qa4 Rfc8 15. Ng5 Rxc6 16. Nxe6 Qxe6 17. Qb3 Qxc4 18. b5 Qxb3 19. axb3 Rxc3 20. bxa6 Rxb3 21. axb7 Rxb7 22. Bg5 a5 23. Rfd1 Rb6 24. Be3 Rb3 25. Bg5 Rb6 26. Be3 Rb3 27. Bg5 Ra6 28. Bf1 Rb4 29. Bd2 Rb8 30. e4 Raa8 31. Bxa5 Nxe4 32. Bc4+ Kf8 33. Bd5 Rxa5 34. Rxa5 Nc3 35. Rf1 Ke7 36. Ra7+ Ke8 37. Rxg7 1-0

[Event "Regionalliga NO 1011"]
[Site "Bayern"]
[Date "2010.11.14"]
[Round "3.4"]
[White "Wind, Patrick"]
[Black "Eckhardt, Wladislaw"]
[Result "1-0"]
[WhiteElo "1953"]
[BlackElo "2138"]
[PlyCount "69"]
[EventDate "2010.10.10"]
[EventType "team-tourn"]
[EventRounds "9"]
[EventCountry "GER"]
[SourceTitle "EXT 2012"]
[Source "ChessBase"]
[SourceDate "2011.11.24"]
[SourceVersion "1"]
[SourceVersionDate "2011.11.24"]
[SourceQuality "1"]
[WhiteTeam "Bechhofen"]
[BlackTeam "Fuerth"]
[WhiteTeamCountry "GER"]
[BlackTeamCountry "GER"]

1. c4 f5 2. g3 Nf6 3. Bg2 g6 4. Nc3 Bg7 5. Nf3 0-0 6. 0-0 d6 7. d3 c6 8. Rb1 h6 9. b4 g5 10. b5 e5 11. bxc6 bxc6 12. Ba3 Rf7 13. Qc2 Be6 14. Rb3 g4 15. Nd2 d5 16. Na4 Na6 17. Rfb1 Rc8 18. Nc5 Nxc5 19. Bxc5 Qa5 20. Bb4 Qc7 21. Ba3 f4 22. Rc3 fxg3 23. hxg3 e4 24. dxe4 d4 25. Rcb3 Nh5 26. Nf1 Be5 27. Rb7 Qxb7 28. Rxb7 Rxb7 29. Qd2 Kg7 30. Qa5 Kf6 31. Bd6 c5 32. Bxc5 Bxc4 33. Bxd4 Rb5 34. Qa6+ Rb6 35. Bxe5+ 1-0

[Event "Regionalliga NO 0910"]
[Site "Bayern"]
[Date "2009.11.15"]
[Round "2.4"]
[White "Bachstein, Dustin"]
[Black "Eckhardt, Wladislaw"]
[Result "0-1"]
[WhiteElo "2063"]
[BlackElo "2138"]
[PlyCount "78"]
[EventDate "2009.10.18"]
[EventType "team-tourn"]
[EventRounds "9"]
[EventCountry "GER"]
[SourceTitle "EXT 2011"]
[Source "ChessBase"]
[SourceDate "2010.11.26"]
[SourceVersion "1"]
[SourceVersionDate "2010.11.26"]
[SourceQuality "1"]
[WhiteTeam "Erlangen"]
[BlackTeam "Fuerth"]
[WhiteTeamCountry "GER"]
[BlackTeamCountry "GER"]

1. e4 c5 2. Nf3 Nc6 3. d4 cxd4 4. Nxd4 g6 5. Nc3 Bg7 6. Be3 Nf6 7. Bc4 0-0 8. Bb3 Ng4 9. Qxg4 Nxd4 10. Qd1 Nxb3 11. axb3 a6 12. Nd5 d6 13. Bb6 Qd7 14. Bd4 b5 15. Bxg7 Kxg7 16. Nb6 Qc6 17. Nxa8 Qxe4+ 18. Qe2 Qxg2 19. 0-0-0 Bg4 20. Qf1 Qc6 21. Rd3 Be2 22. Qxe2 Qxh1+ 23. Rd1 Qxa8 24. Qxe7 Qf3 25. Qe3 Qxe3+ 26. fxe3 Rd8 27. Rd5 f5 28. Kd2 Kf6 29. Ke2 Ke6 30. Rd4 Rc8 31. c3 g5 32. Rd1 Ke5 33. Kf3 d5 34. Rd4 Rc6 35. Kg3 Rh6 36. Rb4 g4 37. h4 gxh3 38. Kh2 Rg6 39. Kxh3 Rg4 0-1

[Event "Mittelfranken-chTB1 0809"]
[Site "Mittelfranken"]
[Date "2008.10.12"]
[Round "1.4"]
[White "Firla, Erwin"]
[Black "Eckhardt, Wladislaw"]
[Result "0-1"]
[WhiteElo "1921"]
[BlackElo "2112"]
[PlyCount "88"]
[EventDate "2008.10.12"]
[EventType "team"]
[EventRounds "9"]
[EventCountry "GER"]
[SourceTitle "EXT 2011"]
[Source "ChessBase"]
[SourceDate "2010.11.26"]
[SourceVersion "1"]
[SourceVersionDate "2010.11.26"]
[SourceQuality "1"]
[WhiteTeam "Postbauer II"]
[BlackTeam "Fuerth SZ"]
[WhiteTeamCountry "GER"]
[BlackTeamCountry "GER"]

1. e4 c5 2. Nf3 Nc6 3. d4 cxd4 4. Nxd4 g6 5. c4 Bg7 6. Be3 d6 7. Nc3 Nf6 8. Be2 Bd7 9. 0-0 Nxd4 10. Bxd4 Bc6 11. e5 dxe5 12. Bxe5 Qa5 13. Bf4 Qf5 14. Be3 0-0 15. h3 Ne4 16. Nxe4 Qxe4 17. Bf3 Qxc4 18. Bxc6 Qxc6 19. Rc1 Qb5 20. b3 Rfd8 21. Qf3 Rd7 22. Rc5 Qa6 23. Rfc1 f6 24. a4 Rad8 25. Rc8 Rxc8 26. Rxc8+ Kf7 27. Rc4 e5 28. Rb4 Bf8 29. Rb5 Be7 30. Rxe5 Qd3 31. Rb5 b6 32. Kh2 Bd6+ 33. g3 Bc5 34. Kg2 a6 35. Rxb6 Bxb6 36. Bxb6 Qxf3+ 37. Kxf3 Rd3+ 38. Ke4 Rxb3 39. a5 Ke6 40. h4 Rb4+ 41. Kd3 Kd5 42. Bd8 Rb3+ 43. Kc2 Rf3 44. Kd2 Rxf2+ 0-1

[Event "Mittelfrankenliga-B1 0708"]
[Site "Mittelfranken"]
[Date "2008.01.13"]
[Round "4.4"]
[White "Herbst, Thomas"]
[Black "Eckhardt, Wladislaw"]
[Result "0-1"]
[WhiteElo "1893"]
[BlackElo "2112"]
[PlyCount "64"]
[EventDate "2007.10.14"]
[EventType "team-tourn"]
[EventRounds "9"]
[EventCountry "GER"]
[SourceTitle "EXT 2011"]
[Source "ChessBase"]
[SourceDate "2010.11.26"]
[SourceVersion "1"]
[SourceVersionDate "2010.11.26"]
[SourceQuality "1"]
[WhiteTeam "Nuernberg SK 1911"]
[BlackTeam "Fuerth SZ"]
[WhiteTeamCountry "GER"]
[BlackTeamCountry "GER"]

1. Nf3 c5 2. c4 Nf6 3. Nc3 g6 4. d4 cxd4 5. Nxd4 Bg7 6. e4 Nc6 7. Be2 0-0 8. 0-0 d6 9. Be3 Bd7 10. Qd2 Nxd4 11. Bxd4 Bc6 12. f3 a5 13. Rfc1 Nd7 14. Be3 Nc5 15. Rab1 Be5 16. b3 e6 17. Bf1 f5 18. exf5 Rxf5 19. Bd4 Qg5 20. Be3 Qh4 21. g3 Bxg3 22. hxg3 Qxg3+ 23. Qg2 Qe5 24. Bxc5 Rg5 25. Bf2 Bxf3 26. Qxg5 Qxg5+ 27. Kh2 Qh5+ 28. Kg3 Qg4+ 29. Kh2 Qh5+ 30. Kg3 Rf8 31. Bh3 Qe5+ 32. Kh4 Qf4+ 0-1

[Event "Mittelfrankenliga-B1 0607"]
[Site "Mittelfranken"]
[Date "2007.05.06"]
[Round "9.2"]
[White "Eckhardt, Wladislaw"]
[Black "Weigel, Herbert"]
[Result "1-0"]
[WhiteElo "2161"]
[BlackElo "1947"]
[PlyCount "78"]
[EventDate "2006.10.22"]
[EventType "team-tourn"]
[EventRounds "9"]
[EventCountry "GER"]
[SourceTitle "EXT 2011"]
[Source "ChessBase"]
[SourceDate "2010.11.26"]
[SourceVersion "1"]
[SourceVersionDate "2010.11.26"]
[SourceQuality "1"]
[WhiteTeam "Fuerth SZ"]
[BlackTeam "Zirndorf II"]
[WhiteTeamCountry "GER"]
[BlackTeamCountry "GER"]

1. d4 g6 2. e4 Bg7 3. c4 d6 4. Nc3 Nf6 5. f4 0-0 6. Nf3 Nfd7 7. Be2 c5 8. d5 Nb6 9. 0-0 e6 10. Qc2 exd5 11. cxd5 Re8 12. e5 Bf5 13. Bd3 Bxd3 14. Qxd3 dxe5 15. fxe5 Nc6 16. Bf4 Nb4 17. Qd2 N4xd5 18. Bg5 Qd7 19. Rad1 Nxc3 20. Qxc3 Qc6 21. Rd6 Qc7 22. Rfd1 c4 23. Qe3 Rac8 24. Qf4 Qc5+ 25. Kh1 Bxe5 26. Nxe5 Rxe5 27. Rd8+ Re8 28. R8d4 c3 29. bxc3 Qxc3 30. Qh4 Qc5 31. Bf6 Qf8 32. R4d3 Rc6 33. Rh3 h5 34. Rg3 Qh6 35. h3 Rce6 36. Kh2 Re1 37. Rxe1 Rxe1 38. Rd3 Re8 39. Bg5 Qf8 1-0

[Event "Mittelfrankenliga-B1 0607"]
[Site "Mittelfranken"]
[Date "2006.10.22"]
[Round "1.2"]
[White "Lutz, Thomas"]
[Black "Eckhardt, Wladislaw"]
[Result "0-1"]
[WhiteElo "1924"]
[BlackElo "2161"]
[PlyCount "66"]
[EventDate "2006.10.22"]
[EventType "team-tourn"]
[EventRounds "9"]
[EventCountry "GER"]
[SourceTitle "EXT 2011"]
[Source "ChessBase"]
[SourceDate "2010.11.26"]
[SourceVersion "1"]
[SourceVersionDate "2010.11.26"]
[SourceQuality "1"]
[WhiteTeam "Bechhofen"]
[BlackTeam "Fuerth SZ"]
[WhiteTeamCountry "GER"]
[BlackTeamCountry "GER"]

1. d4 g6 2. e4 Bg7 3. g3 c5 4. dxc5 Na6 5. Bg2 Nxc5 6. c3 d6 7. Be3 Qc7 8. Ne2 Nf6 9. Qc2 Bd7 10. Nd2 Ng4 11. Bd4 e5 12. Bxc5 Qxc5 13. 0-0 0-0 14. h3 Nf6 15. Rad1 Be6 16. b3 d5 17. exd5 Bxd5 18. Bxd5 Qxd5 19. c4 Qe6 20. Kh2 Nh5 21. Ne4 f5 22. Nd6 b6 23. Nb5 Qe7 24. Nec3 e4 25. Nd5 Qg5 26. Qd2 f4 27. Rg1 e3 28. fxe3 fxg3+ 29. Kh1 Qh4 30. Rg2 Rf2 31. Ne7+ Kh8 32. Qd7 Rxg2 33. Kxg2 Qe4+ 0-1

[Event "Mittelfrankenliga-B2a 0506"]
[Site "Germany"]
[Date "2006.04.02"]
[Round "8.3"]
[White "Eckhardt, Wladislaw"]
[Black "Brunner, Wolfgang"]
[Result "1/2-1/2"]
[WhiteElo "2144"]
[BlackElo "1925"]
[PlyCount "54"]
[EventDate "2005.10.16"]
[EventType "team-tourn"]
[EventRounds "9"]
[EventCountry "GER"]
[SourceTitle "EXT 2007"]
[Source "ChessBase"]
[SourceDate "2006.11.23"]
[SourceVersion "1"]
[SourceVersionDate "2006.11.23"]
[SourceQuality "1"]

1. Nf3 d5 2. c4 e6 3. g3 Nf6 4. Bg2 Nbd7 5. b3 c6 6. 0-0 Bd6 7. d3 Qc7 8. Bb2 0-0 9. Qc2 b6 10. e4 Bb7 11. Re1 dxe4 12. dxe4 e5 13. Nbd2 Rad8 14. Rad1 Rfe8 15. Nf1 Bc5 16. h3 b5 17. a3 a5 18. Rd2 b4 19. a4 h6 20. Red1 Bc8 21. g4 Nh7 22. Ng3 Nhf8 23. Nf5 Ng6 24. Qc1 f6 25. h4 Nf4 26. Bf1 Nf8 27. h5 N8e6 1/2-1/2

[Event "Mittelfrankenliga-B2a 0506"]
[Site "Germany"]
[Date "2005.10.16"]
[Round "1.3"]
[White "Puschak, Oliver"]
[Black "Eckhardt, Wladislaw"]
[Result "0-1"]
[WhiteElo "1918"]
[BlackElo "2144"]
[PlyCount "64"]
[EventDate "2005.10.16"]
[EventType "team-tourn"]
[EventRounds "9"]
[EventCountry "GER"]
[SourceTitle "EXT 2007"]
[Source "ChessBase"]
[SourceDate "2006.11.23"]
[SourceVersion "1"]
[SourceVersionDate "2006.11.23"]
[SourceQuality "1"]

1. d4 f5 2. h3 b6 3. g4 Bb7 4. Nf3 Bxf3 5. exf3 e6 6. Nc3 Nf6 7. Qd3 g6 8. Bf4 Bg7 9. 0-0-0 0-0 10. d5 fxg4 11. hxg4 Nxg4 12. fxg4 Rxf4 13. Qe3 e5 14. Bd3 d6 15. Qh3 h6 16. g5 Qxg5 17. Kb1 Qg4 18. Qh2 e4 19. f3 Rxf3 20. Be2 Nd7 21. Rdg1 Qf5 22. Bxf3 exf3 23. Rf1 g5 24. Qh5 Rf8 25. Rf2 Ne5 26. Kc1 Qf4+ 27. Kd1 g4 28. Rh4 Qd4+ 29. Ke1 Qe3+ 30. Ne2 g3 31. Rxf3 Nxf3+ 32. Kd1 Qd2# 0-1

[Event "Seebach op 14th"]
[Site "Grossenseebach"]
[Date "2003.06.21"]
[Round "5"]
[White "Eckhardt, Wladislaw"]
[Black "Stubbe, Wilko"]
[Result "1/2-1/2"]
[WhiteElo "2089"]
[BlackElo "1985"]
[PlyCount "40"]
[EventDate "2003.06.19"]
[EventType "swiss"]
[EventRounds "7"]
[EventCountry "GER"]
[SourceTitle "EXT 2018"]
[Source "ChessBase"]
[SourceDate "2017.10.13"]
[SourceVersion "1"]
[SourceVersionDate "2017.10.13"]
[SourceQuality "1"]

1. Nf3 Nf6 2. g3 g6 3. b4 Bg7 4. Bb2 c6 5. Na3 d5 6. c4 0-0 7. Bg2 Na6 8. Rb1 Bf5 9. d3 Nxb4 10. 0-0 a5 11. Qb3 dxc4 12. Nxc4 b5 13. Nxa5 Qxa5 14. Bxf6 Bxf6 15. Qxb4 Qxb4 16. Rxb4 Rxa2 17. e4 Bg4 18. e5 Bxf3 19. Bxf3 Bxe5 20. Bxc6 Bd6 1/2-1/2

[Event "Seebach op 14th"]
[Site "Grossenseebach"]
[Date "2003.06.20"]
[Round "3"]
[White "Goetzel, Alfred"]
[Black "Eckhardt, Wladislaw"]
[Result "0-1"]
[WhiteElo "1814"]
[BlackElo "2089"]
[PlyCount "42"]
[EventDate "2003.06.19"]
[EventType "swiss"]
[EventRounds "7"]
[EventCountry "GER"]
[SourceTitle "EXT 2018"]
[Source "ChessBase"]
[SourceDate "2017.10.13"]
[SourceVersion "1"]
[SourceVersionDate "2017.10.13"]
[SourceQuality "1"]

1. e4 c5 2. Nf3 Nc6 3. Nc3 g6 4. d4 cxd4 5. Nxd4 Bg7 6. Be3 Nf6 7. f3 0-0 8. Qd2 d5 9. 0-0-0 dxe4 10. Nxe4 Nxe4 11. fxe4 Qc7 12. Qf2 Bg4 13. Be2 Ne5 14. Kb1 Rac8 15. Rhf1 a6 16. h3 Bxe2 17. Qxe2 Nc4 18. Bc1 Qb6 19. c3 Na3+ 20. Ka1 Rxc3 21. bxa3 Rxc1+ 0-1

[Event "Seebach op 14th"]
[Site "Grossenseebach"]
[Date "2003.06.19"]
[Round "1"]
[White "Dehm, Tobias"]
[Black "Eckhardt, Wladislaw"]
[Result "0-1"]
[WhiteElo "1672"]
[BlackElo "2089"]
[PlyCount "42"]
[EventDate "2003.06.19"]
[EventType "swiss"]
[EventRounds "7"]
[EventCountry "GER"]
[SourceTitle "EXT 2018"]
[Source "ChessBase"]
[SourceDate "2017.10.13"]
[SourceVersion "1"]
[SourceVersionDate "2017.10.13"]
[SourceQuality "1"]

1. e4 c5 2. Nf3 Nc6 3. d4 cxd4 4. Nxd4 g6 5. Be3 Nf6 6. Nc3 Bg7 7. Qd2 0-0 8. 0-0-0 Ng4 9. Nb3 Nxe3 10. Qxe3 d6 11. Be2 a5 12. Na4 Be6 13. h4 Qc7 14. Kb1 Nb4 15. c3 b5 16. Nb6 a4 17. cxb4 axb3 18. Rc1 Qa7 19. axb3 Qa2+ 20. Kc2 Bxb2 21. Kd1 Be5 0-1

[Event "GER-chT U20"]
[Site "Hamburg"]
[Date "2001.12.29"]
[Round "5.1"]
[White "Haensel, Thomas"]
[Black "Eckhardt, Wladislaw"]
[Result "1-0"]
[WhiteElo "2263"]
[BlackElo "2205"]
[PlyCount "62"]
[EventDate "2001.12.26"]
[EventType "team-tourn"]
[EventRounds "7"]
[EventCountry "GER"]
[SourceTitle "EXT 2003"]
[Source "ChessBase"]
[SourceDate "2002.11.25"]
[SourceVersion "1"]
[SourceVersionDate "2002.11.25"]
[SourceQuality "1"]

1. e4 c5 2. Nf3 Nc6 3. d4 cxd4 4. Nxd4 g6 5. c4 Bg7 6. Be3 Nf6 7. Nc3 d6 8. Be2 0-0 9. Qd2 Nxd4 10. Bxd4 Bd7 11. f3 Bc6 12. b4 b6 13. 0-0 e6 14. Rfd1 Qe7 15. a3 Rad8 16. Qb2 Nh5 17. Bxg7 Nxg7 18. a4 f5 19. Bd3 Qf6 20. exf5 gxf5 21. a5 d5 22. cxd5 Bxd5 23. Na2 e5 24. axb6 axb6 25. Qf2 Bb3 26. Bc2 Bxc2 27. Qxc2 e4 28. Qf2 b5 29. Nc3 Qxc3 30. fxe4 fxe4 31. Qe1 Qf6 1-0

[Event "GER-chT U20"]
[Site "Hamburg"]
[Date "2001.12.27"]
[Round "2.1"]
[White "Eckhardt, Wladislaw"]
[Black "Berger, Steve"]
[Result "0-1"]
[WhiteElo "2205"]
[BlackElo "2348"]
[PlyCount "103"]
[EventDate "2001.12.26"]
[EventType "team-tourn"]
[EventRounds "7"]
[EventCountry "GER"]
[SourceTitle "EXT 2003"]
[Source "ChessBase"]
[SourceDate "2002.11.25"]
[SourceVersion "1"]
[SourceVersionDate "2002.11.25"]
[SourceQuality "1"]

1. d4 Nf6 2. c4 g6 3. Nc3 Bg7 4. e4 d6 5. Nge2 0-0 6. Ng3 c5 7. d5 e6 8. Be2 h5 9. Bg5 exd5 10. exd5 Qb6 11. Qd2 Nh7 12. Bf4 Nd7 13. h3 Ne5 14. 0-0 f5 15. Rfe1 h4 16. Nf1 Qd8 17. Bh6 g5 18. Bxg7 Kxg7 19. Nh2 Bd7 20. b3 Qf6 21. Kh1 Ng6 22. Bd3 Rae8 23. Bc2 a6 24. Rxe8 Rxe8 25. Re1 Rxe1+ 26. Qxe1 Qe5 27. Qd2 Qf4 28. Qe1 Qe5 29. Qd2 Qf6 30. Bd3 Ne5 31. Bf1 g4 32. hxg4 fxg4 33. Ne4 Qg6 34. Qf4 Nf7 35. Be2 Bf5 36. Bd3 Nh6 37. Nf1 Bxe4 38. Bxe4 Qf6 39. Qe3 Ng5 40. Bc2 g3 41. f3 Ng4 42. Qe2 Nf2+ 43. Kg1 Ngh3+ 44. gxh3 Nxh3+ 45. Kh1 Nf4 46. Qe4 g2+ 47. Kg1 gxf1Q+ 48. Kxf1 Qg5 49. Ke1 Qg1+ 50. Kd2 Qd4+ 51. Ke1 Qxe4+ 52. fxe4 0-1

[Event "GER-chT U20"]
[Site "Hamburg"]
[Date "2001.12.26"]
[Round "1.1"]
[White "Thiele, Matthias"]
[Black "Eckhardt, Wladislaw"]
[Result "1-0"]
[WhiteElo "2113"]
[BlackElo "2205"]
[PlyCount "44"]
[EventDate "2001.12.26"]
[EventType "team-tourn"]
[EventRounds "7"]
[EventCountry "GER"]
[SourceTitle "EXT 2003"]
[Source "ChessBase"]
[SourceDate "2002.11.25"]
[SourceVersion "1"]
[SourceVersionDate "2002.11.25"]
[SourceQuality "1"]

1. Nf3 f5 2. d4 Nf6 3. g3 g6 4. Bg2 Bg7 5. 0-0 0-0 6. c4 d6 7. Nc3 c6 8. Qc2 Qc7 9. Bg5 h6 10. Bxf6 Bxf6 11. e4 e5 12. dxe5 dxe5 13. exf5 gxf5 14. Rad1 Na6 15. a3 Qg7 16. Nd2 Nc5 17. b4 e4 18. Ne2 Ne6 19. c5 h5 20. Nc4 h4 21. Nd6 Nd4 22. Nxd4 Bxd4 1-0

[Event "Landesliga Nord 0102"]
[Site "Bayern"]
[Date "2001.11.25"]
[Round "3.1"]
[White "Eckhardt, Wladislaw"]
[Black "Ksieski, Zbigniew"]
[Result "1/2-1/2"]
[WhiteElo "2115"]
[BlackElo "2360"]
[PlyCount "63"]
[EventDate "2001.10.07"]
[EventType "team-tourn"]
[EventRounds "9"]
[EventCountry "GER"]
[SourceTitle "EXT 2003"]
[Source "ChessBase"]
[SourceDate "2002.11.25"]
[SourceVersion "1"]
[SourceVersionDate "2002.11.25"]
[SourceQuality "1"]
[WhiteTeam "Fuerth"]
[BlackTeam "Sailauf"]
[WhiteTeamCountry "GER"]
[BlackTeamCountry "GER"]

1. d4 Nf6 2. c4 e6 3. Nc3 Bb4 4. e3 c5 5. Bd3 d5 6. a3 cxd4 7. axb4 dxc3 8. bxc3 e5 9. cxd5 Qxd5 10. e4 Qd6 11. Nf3 0-0 12. 0-0 b6 13. Qe2 Bb7 14. Nh4 Rc8 15. Bb2 a5 16. f4 Nbd7 17. Nf3 exf4 18. Nd4 Qe5 19. Nf5 Bxe4 20. Bxe4 Re8 21. Qf2 Nxe4 22. Qxf4 Qxf4 23. Rxf4 a4 24. c4 f6 25. h4 Nf8 26. Rg4 g6 27. Nh6+ Kg7 28. Nf5+ Kg8 29. Nh6+ Kg7 30. Nf5+ Kf7 31. Nh6+ Kg7 32. Nf5+ 1/2-1/2

[Event "Landesliga Nord 0001"]
[Site "Bayern"]
[Date "2001.04.01"]
[Round "8"]
[White "Kreuzer, Gerhard"]
[Black "Eckhardt, Wladislaw"]
[Result "1-0"]
[WhiteElo "2170"]
[BlackElo "2145"]
[PlyCount "76"]
[EventDate "2000.10.15"]
[EventType "team-tourn"]
[EventRounds "9"]
[EventCountry "GER"]
[SourceTitle "EXT 2020"]
[Source "ChessBase"]
[SourceDate "2019.10.17"]
[SourceVersion "1"]
[SourceVersionDate "2019.10.17"]
[SourceQuality "1"]
[WhiteTeam "Kelheim"]
[BlackTeam "Fuerth SF"]
[WhiteTeamCountry "GER"]
[BlackTeamCountry "GER"]

1. c4 f5 2. Nc3 Nf6 3. d3 g6 4. e4 e5 5. exf5 gxf5 6. Be2 Bg7 7. Bh5+ Kf8 8. Bg5 d6 9. Nge2 Be6 10. d4 Qc8 11. Bxf6 Bxf6 12. d5 Bd7 13. Qd2 Kg7 14. g4 Rf8 15. g5 Be7 16. Rg1 Na6 17. Ng3 Nc5 18. b4 Na4 19. Nxa4 Bxa4 20. h4 c6 21. Bd1 Bxd1 22. Rxd1 Qe8 23. h5 a5 24. g6 h6 25. bxa5 Bd8 26. Qd3 Bxa5+ 27. Kf1 e4 28. Qd4+ Kg8 29. dxc6 Qxc6 30. Qd5+ Kg7 31. Nxf5+ Rxf5 32. Qxf5 Qxc4+ 33. Kg2 Rf8 34. Qd7+ Kf6 35. Rxd6+ Kg5 36. Qe7+ Kg4 37. Qxf8 Bd2 38. g7 e3 1-0

[Event "Bayern-chI Bank Hofmann 4th"]
[Site "Bad Wiessee"]
[Date "2000.11.02"]
[Round "6"]
[White "Eckhardt, Wladislaw"]
[Black "Trnovec, Mihaly"]
[Result "1-0"]
[WhiteElo "2256"]
[BlackElo "2070"]
[PlyCount "113"]
[EventDate "2000.10.28"]
[EventType "swiss"]
[EventRounds "9"]
[EventCountry "GER"]
[SourceTitle "EXT 2003"]
[Source "ChessBase"]
[SourceDate "2002.11.25"]
[SourceVersion "1"]
[SourceVersionDate "2002.11.25"]
[SourceQuality "1"]

1. d4 Nf6 2. c4 g6 3. Nc3 c5 4. d5 d6 5. e4 Bg7 6. Nge2 a6 7. Ng3 h5 8. Be2 Bd7 9. a4 a5 10. Nf1 Na6 11. Ne3 Nb4 12. 0-0 Qc8 13. f3 Kf8 14. Bd2 Ne8 15. Kh1 Bd4 16. Qb3 Nc7 17. Ncd1 Kg7 18. f4 f5 19. Nf2 Ne8 20. Bc3 Nf6 21. e5 Ng4 22. Bxg4 hxg4 23. Nc2 Nxc2 24. Qxc2 dxe5 25. fxe5 e6 26. Bxd4 cxd4 27. Rac1 Qe8 28. Qd3 Bxa4 29. Qxd4 Rd8 30. Nd3 Qe7 31. Nf4 Bd7 32. g3 g5 33. Ng2 Bc6 34. Ne3 Kg6 35. Rcd1 Qb4 36. Qd3 Qxb2 37. Rd2 Qxe5 38. Nxg4 Qd6 39. Rdf2 Bxd5+ 40. cxd5 Qxd5+ 41. Qxd5 Rxd5 42. Ne3 Re5 43. Nc4 Rc5 44. Nd6 b6 45. Re1 e5 46. Nxf5 Re8 47. Rd1 Re6 48. Rd7 Rc1+ 49. Kg2 e4 50. Rg7+ Kf6 51. Rg8 Re5 52. Ng7+ Kg6 53. Ne6+ Kh5 54. g4+ Kxg4 55. Rh8 Rg1+ 56. Kxg1 Rxe6 57. Kg2 1-0

[Event "Nuremberg Zabo op 02nd"]
[Site "Nuremberg"]
[Date "2000.09.24"]
[Round "5"]
[White "Eckhardt, Wladislaw"]
[Black "Hirn, Oskar"]
[Result "0-1"]
[WhiteElo "2175"]
[BlackElo "2263"]
[PlyCount "72"]
[EventDate "2000.09.22"]
[EventType "swiss"]
[EventRounds "5"]
[EventCountry "GER"]
[SourceTitle "EXT 2001"]
[Source "ChessBase"]
[SourceDate "2000.11.22"]
[SourceVersion "1"]
[SourceVersionDate "2000.11.22"]
[SourceQuality "1"]

1. d4 Nf6 2. c4 d6 3. Nc3 Nbd7 4. e4 e5 5. Nf3 c6 6. Be2 Be7 7. 0-0 0-0 8. Re1 Re8 9. Bf1 a6 10. Rb1 Bf8 11. a3 exd4 12. Nxd4 Nc5 13. f3 h6 14. Kh1 Qc7 15. Be3 b5 16. b4 Ncd7 17. Rc1 bxc4 18. Bxc4 Ne5 19. Bf1 c5 20. Na4 Bb7 21. bxc5 dxc5 22. Nxc5 Bxc5 23. Nb3 Rad8 24. Qe2 Nd3 25. Nxc5 Nxc1 26. Rxc1 Qe7 27. Rb1 Bc8 28. Qc2 Qc7 29. Qa4 Nd5 30. Bd4 Nc3 31. Bxc3 Qxc5 32. Bb4 Qd4 33. h3 Re6 34. Rc1 Rg6 35. Qa5 Kh7 36. Qc7 Bxh3 0-1

[Event "Miercurea Ciuc"]
[Site "Miercurea Ciuc"]
[Date "2000.08.22"]
[Round "4"]
[White "Tikhomirov, Sergei"]
[Black "Eckhardt, Wladislaw"]
[Result "1-0"]
[WhiteElo "2238"]
[BlackElo "2256"]
[PlyCount "81"]
[EventDate "2000.08.19"]
[EventType "tourn"]
[EventRounds "9"]
[EventCountry "ROU"]
[EventCategory "2"]
[SourceTitle "CBM 077 Extra"]
[Source "ChessBase"]
[SourceDate "2000.09.14"]
[SourceVersion "1"]
[SourceVersionDate "2000.09.14"]
[SourceQuality "1"]

1. c4 c5 2. Nc3 b6 3. Nf3 Bb7 4. d4 cxd4 5. Nxd4 Nf6 6. f3 d6 7. e4 e6 8. Be3 Be7 9. Be2 0-0 10. 0-0 a6 11. Qd2 Qc7 12. Rac1 Nbd7 13. Rfd1 Rfe8 14. Kh1 Bf8 15. a3 Rad8 16. Bf1 Qb8 17. b4 Qa8 18. Nb3 Rc8 19. Bd4 g6 20. Qf2 d5 21. exd5 exd5 22. c5 bxc5 23. bxc5 Nh5 24. Na4 Nf4 25. Na5 Ne6 26. Ba1 Bc6 27. Nb6 Nxb6 28. cxb6 Bxa3 29. Rxc6 Rxc6 30. b7 Qb8 31. Nxc6 Qxb7 32. Qa2 Qxc6 33. Qxa3 d4 34. Qxa6 Qc2 35. Qe2 Qc6 36. Qb5 Qa8 37. Bc4 Rd8 38. Bxe6 fxe6 39. Qe5 Qa4 40. Qxe6+ Kg7 41. Bxd4+ 1-0

[Event "Miercurea Ciuc"]
[Site "Miercurea Ciuc"]
[Date "2000.08.20"]
[Round "2"]
[White "Nemeth, Zoltan"]
[Black "Eckhardt, Wladislaw"]
[Result "1/2-1/2"]
[WhiteElo "2308"]
[BlackElo "2256"]
[PlyCount "91"]
[EventDate "2000.08.19"]
[EventType "tourn"]
[EventRounds "9"]
[EventCountry "ROU"]
[EventCategory "2"]
[SourceTitle "CBM 077 Extra"]
[Source "ChessBase"]
[SourceDate "2000.09.14"]
[SourceVersion "1"]
[SourceVersionDate "2000.09.14"]
[SourceQuality "1"]

1. Nf3 c5 2. c4 Nf6 3. g3 b6 4. Bg2 Bb7 5. Nc3 e6 6. d4 cxd4 7. Qxd4 Be7 8. 0-0 d6 9. b3 a6 10. e4 Qc7 11. Rd1 Nbd7 12. Ba3 Nc5 13. e5 dxe5 14. Qxe5 Rc8 15. Qxc7 Rxc7 16. Bxc5 Bxc5 17. Na4 Ke7 18. Ne5 Bxg2 19. Kxg2 Nd7 20. Nxd7 Rxd7 21. Rxd7+ Kxd7 22. Rd1+ Kc7 23. Nxc5 bxc5 24. Kf3 Rd8 25. Rxd8 Kxd8 26. Ke4 Ke7 27. a3 a5 28. Kd3 Kd6 29. Kc3 e5 30. b4 cxb4+ 31. axb4 axb4+ 32. Kxb4 Kc6 33. g4 f6 34. h4 g6 35. g5 f5 36. c5 f4 37. Kc4 e4 38. Kd4 e3 39. fxe3 f3 40. Kd3 Kxc5 41. e4 f2 42. Ke2 f1Q+ 43. Kxf1 Kd4 44. Kf2 Kxe4 45. Kg3 Ke3 46. Kg4 1/2-1/2